All Bus Stops on London Bus Route 117 - Statistics

General Stats
  • This quiz has been taken 3 times
  • The average score is 36 of 63
Answer Stats
Answer % Correct
Anderson Drive
100%
Ashford Station
100%
Ashford War Memorial
100%
Browells Lane
100%
Challenge Road
100%
Chalmers Road East
100%
Chattern Hill
100%
Chertsey Road
100%
Chesterfield Road
100%
Convent Road
100%
Dudley Road
100%
Edinburgh Drive
100%
Elmwood Avenue
100%
Feltham Tesco
100%
Fenton Avenue
100%
Ferndale Road
100%
Field View
100%
Green Lane
100%
Hounslow Bus Station
100%
Kingston Crescent
100%
Knowle Green
100%
Martindale Road
100%
Parkfield Crescent
100%
South Street
100%
Staines Bus Station
100%
Staines Station
100%
Stanwell Road
100%
St Dunstans Road
100%
Town Tree Road
100%
Vernon Road
100%
West Middlesex Hospital
100%
Barrack Road
50%
Feltham Station / Victoria Road
50%
Hounslow High Street
50%
Petersfield Avenue
50%
Staines Police Station
50%
The Bell
50%
Treaty Centre
50%
Twickenham Road / West Middlesex Hospital
50%
Wellington Road South
50%
Worple Road
50%
Bridge Road
0%
Carlton Avenue
0%
Cranbrook Road
0%
Douglas Road
0%
Fair Street
0%
Feltham Assembly Hall
0%
Fern Grove
0%
Frampton Road
0%
Grainger Road
0%
Harlington Road West
0%
Hibernia Road
0%
High Street
0%
Islay Gardens
0%
Isleworth Station / Rennels Way
0%
Mandeville Road
0%
Staines Road / Martindale Road
0%
Star Road
0%
St John the Baptist
0%
The Vale
0%
Thornbury Road
0%
West Thames College
0%
Woodlands Road
0%
No matching quizzes found
Score Distribution
Percent of People with Each Score
Percentile by Number Answered
Your Score History
You have not taken this quiz